| Поле | Название | Значение |
| |
Тип записи |
a |
| |
Библиографический уровень |
m |
| 001 |
Контрольный номер |
0f734465b82a420787e56aedbc779df5 |
| 005 |
Дата корректировки |
20140618111327.2 |
| 010 |
Индекс ISBN |
__ |
| a |
ISBN |
5-93094-149-1 |
| 200 |
Заглавие и сведения об ответственности |
1_ |
| a |
Заглавие |
Бухгалтерский и налоговый учет общехозяйственных расходов |
| f |
Первые сведения об ответственности |
Сотникова, Людмила Викторовна |
| 210 |
Выходные данные |
1_ |
| a |
Место издания |
М. |
| c |
Издательство |
Налоговый вестник |
| d |
Дата издания |
2004 |
| 215 |
Физическое описание |
__ |
| a |
Объем |
303 с. |
| 225 |
Серия |
2_ |
| a |
Серия |
Прил. к журн."Налоговый вестник"; вып. 5, 2004 |
| 610 |
Ключевые слова |
0_ |
| a |
Ключевые слова |
бухгалтерская деятельность |
| 610 |
Ключевые слова |
0_ |
| a |
Ключевые слова |
бухгалтерский учет |
| 610 |
Ключевые слова |
0_ |
| a |
Ключевые слова |
бухгалтерский учет на предприятии |
| 610 |
Ключевые слова |
0_ |
| a |
Ключевые слова |
учет |
| 610 |
Ключевые слова |
0_ |
| a |
Ключевые слова |
учет затрат |
| 610 |
Ключевые слова |
0_ |
| a |
Ключевые слова |
учет издержек обращения |
| 610 |
Ключевые слова |
0_ |
| a |
Ключевые слова |
учет потерь производства |
| 610 |
Ключевые слова |
0_ |
| a |
Ключевые слова |
учет себестоимости продукции |
| 610 |
Ключевые слова |
0_ |
| a |
Ключевые слова |
налоговый учет |
| 610 |
Ключевые слова |
0_ |
| a |
Ключевые слова |
общехозяйственные расходы |
| 610 |
Ключевые слова |
0_ |
| a |
Ключевые слова |
НДС |
| 610 |
Ключевые слова |
0_ |
| a |
Ключевые слова |
налоги |
| 686 |
Индексы других классификаций |
__ |
| a |
Классификационный индекс |
65.052.9(2)226 |
| 2 |
Код системы |
rubbk |
| 700 |
Автор |
_1 |
| a |
Фамилия |
Сотникова, Людмила Викторовна |
| 801 |
Источник записи |
_0 |
| a |
Страна |
RU |
| b |
Организация |
РУК |
| c |
Дата составления |
20050207 |
| g |
Правила каталогизации |
PSBO |
| 801 |
Источник записи |
_1 |
| a |
Страна |
RU |
| b |
Организация |
РУК |
| c |
Дата составления |
20050207 |
| g |
Правила каталогизации |
PSBO |
| 852 |
Данные о местонахождении |
__ |
| i |
Авторский знак |
С57 |
| j |
Шифр хранения |
ББК 65.052 |
| 901 |
Тип документа |
__ |
| t |
Тип документа |
m |
| 938 |
Служебная информация |
__ |
| a |
Название организации |
Головной вуз |
| b |
Имя БД |
BOOK |
| c |
Название АИБС |
АИБС ИРБИС |